00579nam a2200157Ia 4500008004100000100001900041245008400060245005600144260004900200260000900249300001000258650001300268856004800281999001900329952007300348170221s9999 xx 000 0 und d aHathorn, John. aAccounting for the partial sale of ownership interests when control is retained cJohn Hathorn, Metropolitan State College of Denver. bJournal of Management and Marketing Research c2015 a4 : 5 xBusiness uhttp://www.aabri.com/manuscripts/111050.pdf c313095d313095 001040aCLbCLd2017-02-21l0r2017-02-21 00:00:00w2017-02-21yFOJ